| 000 | 01568camaa2200385 i 4500 | ||
|---|---|---|---|
| 999 |
_c200446240 _d64452 |
||
| 001 | 200446240 | ||
| 003 | TR-AnTOB | ||
| 005 | 20240810073811.0 | ||
| 007 | ta | ||
| 008 | 011012s2001 tu d 000 0 tur d | ||
| 020 | _a9751928095 | ||
| 035 | _a(TR-AnTOB)200446240 | ||
| 040 |
_aBGZ _beng _erda _cBGZ _dTR-AnTOB |
||
| 041 | 0 | _atur | |
| 050 | 4 |
_aHD9661.T92 _bK38 2001 |
|
| 090 |
_aHD9661.T92 _bK38 2001 |
||
| 245 | 0 | 0 |
_aKauçuk ürünleri Özel İhtisas Komisyonu raporu : _bKarbon siyahı ve sentetik kauçuk Alt Komisyonu raporu / _cDevlet Planlama Teşkilatı. |
| 246 | 1 | 3 | _aKarbon siyahı ve sentetik kauçuk Alt Komisyonu raporu |
| 246 | 3 | 0 | _aSekizinci Beş Yıllık Kalkınma Planı Kauçuk ürünleri Özel İhtisas Komisyonu : Karbon siyahı ve sentetik kauçuk Alt Komisyonu raporu |
| 264 | 1 |
_aAnkara : _bDPT, _c2001. |
|
| 300 |
_a37 pages : _btables ; _c27 cm |
||
| 336 |
_atext _btxt _2rdacontent |
||
| 337 |
_aunmediated _bn _2rdamedia |
||
| 338 |
_avolume _bnc _2rdacarrier |
||
| 490 | 0 |
_aSekizinci beş yıllık kalkınma planı ; _vyayın no :DPT: 2809-ÖİK: 612 |
|
| 500 | _aOther title: Karbon siyahı ve sentetik kauçuk Alt Komisyonu raporu. | ||
| 650 | 0 |
_aLastik endüstrisi ve ticareti _zTürkiye _9102104 |
|
| 650 | 0 |
_aPlastik endüstrisi ve ticareti _zTürkiye _9102103 |
|
| 650 | 7 |
_aKauçuk, Yapay _zTürkiye _2etuturkob _9135055 |
|
| 650 | 7 |
_aKarbon siyahı _zTürkiye _2etuturkob _9135056 |
|
| 710 | 2 |
_aDevlet Planlama Teşkilatı (Türkiye) _934114 |
|
| 942 |
_2lcc _cBK |
||